An outline of New Testment survey. (Record no. 5002)

000 -LEADER
fixed length control field 00531nam a2200181 a 4500
001 - CONTROL NUMBER
control field :::00002743$&:&@@
003 - CONTROL NUMBER IDENTIFIER
control field OkBaRHE
005 - DATE AND TIME OF LATEST TRANSACTION
control field 20000607103256.0
008 - FIXED-LENGTH DATA ELEMENTS--GENERAL INFORMATION
fixed length control field s1960 j 000 0 eng u
040 ## - CATALOGING SOURCE
Transcribing agency
100 1# - MAIN ENTRY--PERSONAL NAME
Personal name Dunnett, Walter.
245 13 - TITLE STATEMENT
Title An outline of New Testment survey.
260 ## - PUBLICATION, DISTRIBUTION, ETC. (IMPRINT)
Place of publication, distribution, etc Chicago, IL., :
Name of publisher, distributor, etc Moody Press
Date of publication, distribution, etc 1960
300 ## - PHYSICAL DESCRIPTION
Extent 176 p.
650 ## - SUBJECT ADDED ENTRY--TOPICAL TERM
Topical term or geographic name as entry element Bible New Testament
General subdivision Theology
942 ## - ADDED ENTRY ELEMENTS (KOHA)
Source of classification or shelving scheme
Koha item type Books
Copies
Withdrawn status Full call number Koha item type Price effective from Lost status Barcode Shelving location Not for loan Damaged status Permanent Location Copy number Date acquired Date last seen Source of classification or shelving scheme
 BS 2397 .D8Books2010-04-14 2743General Stacks  RHEMA Bible Training College12010-04-142018-03-16